| 000 | 00570nam a2200193Ia 4500 | ||
|---|---|---|---|
| 005 | 20250326141139.0 | ||
| 008 | 250326s9999 xx 000 0 und d | ||
| 020 | _a0-13-534355-0 | ||
| 037 | _aTextbook | ||
| 040 |
_aFMSL _beng _cFMSL |
||
| 041 |
_aeng _2eng |
||
| 084 |
_aD658(B) N7 _qFMSL |
||
| 100 |
_aBarquin R _9743832 |
||
| 245 | 0 |
_aBuilding using and managing the data warehouse _cBarquin R; Edelstein H, Ed. |
|
| 260 |
_aNew Jersey _bNew Jersey, Prentice-Hall _c1997 |
||
| 300 | _a342p | ||
| 942 |
_cTB _hD658(B) N7 |
||
| 999 |
_c1288925 _d1288925 |
||